MARC

LEADER 00000nam0a2200000 4500
001 166590
005 20231031162528.0
010 |a 5770200464 
020 |a RU  |b 90-61937 
035 |a (RuTPU)RU\TPU\book\180703 
090 |a 166590 
100 |a 20091005d1990 km y0rusy5003 ca 
101 0 |a rus 
102 |a UA 
105 |a a z 001zy 
200 1 |a Методы и средства обработки информации в системах реального времени  |e сборник научных трудов  |f Академия наук Украинской ССР (АН УССР), Институт кибернетики (ИК) ; под ред. Б. Н. Малиновского 
210 |a Киев  |c Изд-во ИК  |d 1990 
215 |a 84 с.  |c ил. 
320 |a Библиогр. в примеч. в конце ст. 
610 1 |a вычислительные системы реального времени 
610 1 |a информация 
610 1 |a обработка 
610 1 |a сигналы 
610 1 |a цифровая обработка 
610 1 |a высокопроизводительные системы 
675 |a 681.3.014(082)  |z rus 
702 1 |a Малиновский  |b Б. Н.  |g Борис Николаевич  |4 340 
712 0 2 |a Академия наук Украинской ССР (АН УССР)  |b Институт кибернетики (ИК)  |2 stltpush  |3 (RuTPU)RU\TPU\col\11437 
801 0 |a RU  |b RuMRKP  |c 19960705  |g psbo 
801 1 |a RU  |b 63413507  |c 20091005 
801 2 |a RU  |b 63413507  |c 20130607  |g RCR 
942 |c BK